| 000 | 01756nam0a2200313 4500 | ||
|---|---|---|---|
| 001 | RU\NLR\bibl\1831059 | ||
| 005 | 20260406093008.0 | ||
| 010 |
_a978-5-8948-1873-3 _92000 |
||
| 035 | _a(NLR Aleph) 001821562 | ||
| 090 |
_a2012905 _c2012905 |
||
| 100 | _a20110915d2011 |||y0rusy50 ca | ||
| 101 | 0 | _arus | |
| 102 | _aRU | ||
| 105 | _aa ||||||||| | ||
| 200 | 1 |
_aОртодонтия _eлечение зубочелюстно-лицевых аномалий по методу Френкеля _eучебное пособие _eдля системы послевузовского и дополнительного профессионального образования врачей стоматологического профиля _fФ.Я. Хорошилкина, Ю.М. Малыгин, Л.С. Персин |
|
| 210 |
_aМосква _cМедицинское информационное агентство _d2011 |
||
| 215 |
_a103 с. _cил., цв. ил. _d21 |
||
| 606 | 1 |
_aЗубочелюстные аномалии детей _jУчебные издания для последипломного образования _xОртодонтическое лечение _xПрименение регулятора функций Френкеля _92089583 _3RU\NLR\AUTH\661568467 |
|
| 686 | _aР733.668.5я77 | ||
| 700 | 1 |
_aХорошилкина _bФ. Я. _gФевралина Яковлевна _4070 |
|
| 701 | 1 |
_aМалыгин _bЮ. М. _gЮрий Михайлович _4070 |
|
| 701 | 1 |
_4070 _7ca _8rus _aПерсин _bЛ. С. _f1948- _gЛеонид Семенович _947667 _3RU\NLR\AUTH\7764738 |
|
| 801 | 0 |
_aRU _bNLR _c20110915 _gRCR |
|
| 801 | 1 |
_aRU _bNLR _c20110915 |
|
| 942 | _cBOOK | ||
| 980 | _aNB | ||
| 980 | _aNBR | ||